00425nam a2200133 a 450000100100000000500170001000800410002704000250006808200140009310000290010724500690013626000590020530000270026400003179020200930063201.0110706s2005 pr a 000 0 spa d aDO-SdBNPbspacBNPHU axxxbA4731 aÁlvarez Bravo, Armando10aTrópico infinito de Guillo Pérez /cArmando Álvarez Bravo. aSan Juan, Puerto Rico :bMuseo de las Americas,c2005. a20 p. :bil. ;c22 cm.